Penggunaan Statistik Dalam Penyelidikan Pendidikan : Sulaiman Ngah Razali
| Main Author: | |
|---|---|
| Format: | Book |
| Published: |
Kuala Lumpur :
DBP ,
1991
|
| Subjects: |
MARC
| LEADER | 00000cam a2200000 7i4500 | ||
|---|---|---|---|
| 001 | 0000007112 | ||
| 002 | 000007654 | ||
| 005 | 20000330.0 | ||
| 020 | |a 9836222863 | ||
| 090 | 0 | 0 | |a 001.4 |b SUL |
| 100 | 0 | |a Sulaiman Ngah Razali | |
| 245 | 1 | 0 | |a Penggunaan Statistik Dalam Penyelidikan Pendidikan : |b Sulaiman Ngah Razali |
| 260 | |a Kuala Lumpur : |b DBP , |c 1991 | ||
| 300 | |a 314p. ; |c 21cm. | ||
| 650 | 0 | 0 | |a Education |x Research |x Statistics |
| 999 | |a 054572 |b BUKU |c PINJAMAN |e PERPUSTAKAAN KOMUNITI PETALING JAYA | ||
| 999 | |a 054573 |b BUKU |c PINJAMAN |e PERPUSTAKAAN KOMUNITI CAW KOTA DAMANSARA | ||